00623nam a2200193Ia 4500952014300000999001700143003000400160005001700164008004100181020001800222040000900240082002200249100001600271245003800287260003200325300000900357650001300366942005000379 00102ddc40708SSaMESbMEScMALd2019-02-20g80.00l2o894.812301 SET/Ep34975r2020-02-13 00:00:00s2020-01-31w2019-02-20yBKzGR31R1 c29750d29750OSt20201231131219.0190216s9999||||xx |||||||||||||| ||und|| a9788126419289 coclc a894.812301bSET/E aSethu96440 0aEnte Priyapetta Kathakal /cSethu bDc Books,c2010.aKottayam: a149p aKathakal cBK2ddch894.812301iSET/Ek894.812301mSET/E